| 000 | 00665nam a2200181 i 4500 | ||
|---|---|---|---|
| 001 | 28134 | ||
| 003 | ES-MaACL | ||
| 005 | 20231112063031.0 | ||
| 007 | t| | ||
| 008 | 030116s1983 sp ||||1| spa d | ||
| 100 | 1 |
_aBalcells, José María, _d1943- _924862 |
|
| 245 | 1 | 0 |
_aFrancisco de Quevedo y Villegas (ediciones y estudios) _b: el estado de la cuestión / _cJosé María Balcells. |
| 260 |
_a[Madrid] : _bServicio de Publicaciones del Ministerio de Educacion y Ciencia, _c1983. |
||
| 300 |
_a[4] p. ; _c28 cm. |
||
| 500 | _aSeparata de : Nueva Revista de Eseñanzas Medias, nº 2, 1983. | ||
| 852 |
_aES-MaACL _j2129-F-35 |
||
| 999 |
_c28134 _d28134 |
||